|
|
|
|
| LEADER |
00855nam a22002297a 4500 |
| 003 |
OSt |
| 020 |
|
|
|a 97893845686762
|
| 082 |
|
|
|a 630
|b PAT/AG
|
| 100 |
|
|
|a Patil B J
|
| 245 |
|
|
|a Agronomy services farming systems and agroecology
|
| 260 |
|
|
|a New Delhi
|b Agrotech Press
|c 2016
|
| 300 |
|
|
|a viii, 204p.
|
| 546 |
|
|
|a English
|
| 650 |
|
|
|a Agronomy: an introductory overview
|
| 650 |
|
|
|a Scientific aspects of agronomy agroecology: an overview
|
| 650 |
|
|
|a Modern areas of agronomy in todays world
|
| 650 |
|
|
|a Additional important areas of agronomy
|
| 650 |
|
|
|a Towards understanding food systems and agricultural economics
|
| 700 |
|
|
|a Nitin Patil
|
| 942 |
|
|
|2 ddc
|c BK
|
| 999 |
|
|
|c 157078
|d 157078
|
| 952 |
|
|
|0 0
|1 0
|2 ddc
|4 0
|6 630_000000000000000_PATAG
|7 0
|8 Gen
|9 156437
|a KAUCLV
|b KAUCLV
|c GENERAL
|d 2017-07-26
|g 1995.00
|o 630 PAT/AG
|p 226371
|r 2017-07-26
|w 2017-07-26
|y BK
|